Cities in Pennsylvania quiz - Statistics

General Stats
  • This quiz has been taken 7 times
  • The average score is 11 of 15
Answers on the Grid
Answers color-coded by a green-red scale on the quiz's grid according to % correct below.
Portland
Scranton
Fort Wayne
Allentown
Pittsburgh
Macon
Erie
Poughskeepsie
Knoxville
Lancaster
Toledo
State College
Surrey
St. Paul
Philadelphia
Cedar Falls
Harrisburg
York
Lafayette
King Of Prussia
Reading
Topeka
Bethlehem
Baltimore
Greensboro
Naperville
Upper Darby
Bensalem
Green Bay
Abington
 
Answer Stats
Answer % Correct
Harrisburg
100%
Philadelphia
100%
Allentown
83%
Bethlehem
83%
Erie
83%
King Of Prussia
83%
Lancaster
83%
Pittsburgh
83%
Scranton
83%
State College
83%
Reading
67%
York
67%
Bensalem
50%
Upper Darby
50%
Abington
33%
No matching quizzes found
Score Distribution
Percent of People with Each Score
Percentile by Number Answered
Your Score History
You have not taken this quiz